<?xml version="1.0" encoding="UTF-8"?><?xml-stylesheet type="text/xsl" href="static/style.xsl"?><OAI-PMH xmlns="http://www.openarchives.org/OAI/2.0/" xmlns:xsi="http://www.w3.org/2001/XMLSchema-instance" xsi:schemaLocation="http://www.openarchives.org/OAI/2.0/ http://www.openarchives.org/OAI/2.0/OAI-PMH.xsd"><responseDate>2026-04-13T15:05:58Z</responseDate><request verb="GetRecord" identifier="oai:www.recercat.cat:2099.1/13148" metadataPrefix="marc">https://recercat.cat/oai/request</request><GetRecord><record><header><identifier>oai:recercat.cat:2099.1/13148</identifier><datestamp>2025-07-22T20:44:40Z</datestamp><setSpec>com_2072_1033</setSpec><setSpec>col_2072_452951</setSpec></header><metadata><record xmlns="http://www.loc.gov/MARC21/slim" xmlns:dcterms="http://purl.org/dc/terms/" xmlns:xsi="http://www.w3.org/2001/XMLSchema-instance" xmlns:doc="http://www.lyncode.com/xoai" xsi:schemaLocation="http://www.loc.gov/MARC21/slim http://www.loc.gov/standards/marcxml/schema/MARC21slim.xsd">
   <leader>00925njm 22002777a 4500</leader>
   <datafield ind2=" " ind1=" " tag="042">
      <subfield code="a">dc</subfield>
   </datafield>
   <datafield ind2=" " ind1=" " tag="720">
      <subfield code="a">Flor Ariño, Adrià</subfield>
      <subfield code="e">author</subfield>
   </datafield>
   <datafield ind2=" " ind1=" " tag="260">
      <subfield code="c">2011-06-15</subfield>
   </datafield>
   <datafield ind2=" " ind1=" " tag="520">
      <subfield code="a">L’objecte del següent document és realitzar la instal·lació de depuració que tracti les aigües residuals generades en les poblacions d’ Abrera, Olesa de Montserrat, Esparraguera, Collbató y El Bruc, per poder vestir-les al riu Llobregat y acord amb els valors establerts en la Directiva Comunitaria Relativa a la Depuración de Aguas Residuales Urbanas (91/271/CEE) sobre el tractament de les aigües residuals.&#xd;
D’aquesta manera, en els següents documents, es recull una breu introducció sobre les principals característiques y aplicacions de l’aigua, així com els diferents mètodes de depuració que s’utilitzen actualment, junt a un estudi de la població, per al projecte d’una estació depuradora, dissenyant alhora la línea d’aigües y la de fangs amb tots els processos unitaris implicats, tant físics, com químics, com biològics.&#xd;
L’objecte de la depuració no es la potabilització de l’aigua sino la eliminació o reducció de substàncies nocives per al medi ambient y els essers vius. En el projecte no es descriuen al detall els aspectes constructius relacionats am l’obra civil que no siguin propis de la línea exclusiva del procés, com ara edificis, aparcaments, accessos y altres aspectes que s’allunyen de la construcció del procés de depuració de l’aigua.</subfield>
   </datafield>
   <datafield tag="653" ind2=" " ind1=" ">
      <subfield code="a">Àrees temàtiques de la UPC::Enginyeria química::Química del medi ambient::Química de l'aigua</subfield>
   </datafield>
   <datafield tag="653" ind2=" " ind1=" ">
      <subfield code="a">Sewage Purification</subfield>
   </datafield>
   <datafield tag="653" ind2=" " ind1=" ">
      <subfield code="a">Aigües residuals -- Depuració</subfield>
   </datafield>
   <datafield ind2="0" ind1="0" tag="245">
      <subfield code="a">Planta depuradora de aguas residuales mixtas para más de 100.000 habitantes equivalentes</subfield>
   </datafield>
</record></metadata></record></GetRecord></OAI-PMH>